| 000 | 00840nam a2200253Ia 4500 | ||
|---|---|---|---|
| 003 | OSt | ||
| 005 | 20220925215741.0 | ||
| 006 | a|||||r|||| 00| 0 | ||
| 007 | ta | ||
| 008 | 220923b |||||||| |||| 00| 0 eng d | ||
| 020 |
_a9781559638630 _c3309.00 |
||
| 037 |
_b8052, 14/03/2017, Efficient Book Distributors _cGeneral Book |
||
| 040 |
_aRTL _cRTL _beng |
||
| 041 |
_2eng _aeng |
||
| 082 | _aX:77:(G:55), P1 | ||
| 100 |
_aHARRIS Jonathan M _9253894 |
||
| 245 | 0 |
_aSurvey of sustainable development _b Social and economic dimensions |
|
| 260 |
_aLondon _bIsland Press _c2001 |
||
| 300 |
_axxxvii,409p. _ccm. |
||
| 500 | _aBibliography chapterwise | ||
| 650 | _aGeography | ||
| 942 |
_hX:77:(G:55), P1 _cGB _2CC |
||
| 999 |
_c569584 _d569584 |
||